000 00660cam a2200205 a 4500
001 000008880
005 20200929161430.0
008 780210s1987 cu 000 f spa
040 _aDO-SdBNP
_dBNPHU
082 _aCa863.44
_bF194g
100 1 _aFallas, Carlos Luis,
_q(Carlos Luis Fallas Sibaja),
_d1909-1966
_923429
245 1 0 _aGentes y gentecillas /
_cCarlos Luis Fallas.
260 _aLa Habana, (Cuba) :
_bArte y Literatura,
_c1987.
300 _a433 p. ;
_c18 cm.
490 1 _aHuracán
650 4 _aNovela costarricense
_911840
650 4 _aLiteratura costarricense
_ySIGLO XX
_922789
830 0 _aHuracán.
_95481
910 _aCatalogación derivada
999 _c8649
_d8649